Ares Skala albumi - Statistics

Yleistilastot
  • Tätä visaa on pelattu 7 kertaa
  • Keskiarvotulos 4 / 10
Vastaustilastot
Biisi % Oikein
1 Skala
83%
6 Eihä?
50%
2 Hermès
50%
7 Matkoil
50%
4 Millo
50%
5 Fokus
33%
10 Kaikkee hyvää
33%
3 Trivago
33%
8 Parhain päin
17%
9 Tiedän, etten tiedä mitään
17%
Ehtoja vastaavia visoja ei löytynyt
Tulosjakauma
Jokaisen tuloksen saaneiden osuus
Persentiili vastausten määrän mukaan
Tuloshistoriasi
Et ole pelannut tätä visaa